000 00678cam a22002292a 4500
001 026237
003 AR-FADEU
008 311216n2013####xxu####################dd
020 _a978-987-657-892-9
092 _a415
_bG216
_eMAESTRIA
100 _aGonzalo, Adriana
245 _aEl camino desde syntactic sructures : un recorrido histórico y filosófico por la lingüística chomskiana
260 _aSanta Fe
260 _bUniversidad Nacional del Litoral
260 _c2013
300 _a268 p
440 _aCiencia y tecnología
500 _aIncluye bibliografía
700 _aCintia, Carrió
650 _aGRAMATICA GENERATIVA/MAESTRIA/
942 _cMAESTRIA
999 _c31919
_d31919